|
|
|
|
| LEADER |
01338nam a2200253 i 4500 |
| 001 |
10064229 |
| 003 |
GR-PaULI |
| 005 |
20241118095310.0 |
| 008 |
071023s2013 gr g gre d |
| 952 |
|
|
|0 0
|1 0
|2 ddc
|4 0
|6 480_900000000000000_ΧΡΙ
|7 0
|9 362675
|a LISP
|b LISP
|c DON
|d 2022-07-19
|e ΠΑΤ
|i 151958
|l 0
|o 480.9 ΧΡΙ
|p 025000280916
|r 2022-07-19 00:00:00
|t 1
|w 2022-07-19
|y BKN
|
| 999 |
|
|
|c 211914
|d 211914
|
| 020 |
|
|
|a 9789605033170
|
| 040 |
|
|
|a GR-PaULI
|c GR-PaULI
|b gre
|e AARC2
|
| 082 |
0 |
4 |
|a 480.9
|2 23
|
| 100 |
1 |
|
|a Χριστίδης, Α.-Φ.
|d 1946-2004
|q (Αναστάσιος-Φοίβος),
|e συγγραφέας.
|4
|9 13060
|
| 245 |
1 |
0 |
|a Ιστορία της αρχαίας ελληνικής γλώσσας /
|c Α.- Φ. Χριστίδης ; συνεργάστηκε η Μαρία Θεοδωροπούλου.
|
| 260 |
|
|
|a Αθήνα :
|b Το Βήμα ;
|b Ινστιτούτο Νεοελληνικών Σπουδών. Ίδρυμα Μανόλη Τριανταφυλλίδη,
|c 2013
|
| 300 |
|
|
|a 251 σ. ;
|c 23 εκ.
|
| 504 |
|
|
|a Βιβλιογραφία: σ. 251.
|
| 650 |
|
4 |
|a Ελληνική γλώσσα, Αρχαία
|x Ιστορία.
|9 57199
|
| 650 |
|
4 |
|a Γραφή
|x Ιστορία.
|9 48793
|
| 700 |
1 |
|
|a Θεοδωροπούλου, Μαρία
|4
|9 37855
|e συγγραφέας.
|
| 942 |
|
|
|2 ddc
|c BKN
|
| 998 |
|
|
|c ΜΠΟΥΡΑΣ
|d 2022-07
|